LEADER 00507nas a2200169 i 4500 001 000000194016 003 CaOOAMICUS 005 20101125000000.0 008 101125b1897 it uu u0 0ita r 013 $a172662 040 $aSeMil$bita 245 10$a[1897 :$b1]. 774 0 $t[Gennaio-Luglio].$w()274031 850 $aSeMil 852 $aSeMil$W1$xVenegono$y1$m111 2 20$j144590$B144590$CSeMilBibl$Z2$F156899 $82 961 $aRecupero: Scuola Cattolica 996 $6245$a[1897 :$b1]$9(OLS)http://semarc/title/279690 LEADER 00824nam a2200229 i 4500 001 000000125647 003 CaOOAMICUS 005 20040426000000.0 008 040426s2003 gw u000 u ger u 013 $a98348 020 $a3-451-22046-6 040 $aSeMil$bita 245 10$a1: A-K. 300 $a1032 p. 700 1 $aSautermeister, Jochen,$d<1975- >.$0(OLS)http://semarc/name/5542 700 1 $aHunold, Gerfried W.$0(OLS)http://semarc/name/5541 773 0 $tLexikon der christlichen Ethik.$dFreiburg ; Basel ; Wien : Herder, 2003.$gBand1$w()11507 850 $aSeMil 852 $aSeMil$W1$xVenegono$y1$mSL1.P VI 20$j80071$B80071$CSeMilBibl$Z2$F82469 $8I 961 $aAcquisto: Herder 996 $6020$a3-451-22046-6$9(OLS)http://semarc/number/111603 996 $6245$a1: A-K$9(OLS)http://semarc/title/185065